<?xml version="1.0" encoding="UTF-8"?><?xml-stylesheet type="text/xsl" href="static/style.xsl"?><OAI-PMH xmlns="http://www.openarchives.org/OAI/2.0/" xmlns:xsi="http://www.w3.org/2001/XMLSchema-instance" xsi:schemaLocation="http://www.openarchives.org/OAI/2.0/ http://www.openarchives.org/OAI/2.0/OAI-PMH.xsd"><responseDate>2026-04-27T12:29:19Z</responseDate><request verb="GetRecord" identifier="oai:uvadoc.uva.es:10324/59607" metadataPrefix="marc">https://uvadoc.uva.es/oai/request</request><GetRecord><record><header><identifier>oai:uvadoc.uva.es:10324/59607</identifier><datestamp>2023-05-15T19:01:27Z</datestamp><setSpec>com_10324_38</setSpec><setSpec>col_10324_852</setSpec></header><metadata><record xmlns="http://www.loc.gov/MARC21/slim" xmlns:doc="http://www.lyncode.com/xoai" xmlns:xsi="http://www.w3.org/2001/XMLSchema-instance" xmlns:dcterms="http://purl.org/dc/terms/" xsi:schemaLocation="http://www.loc.gov/MARC21/slim http://www.loc.gov/standards/marcxml/schema/MARC21slim.xsd">
<leader>00925njm 22002777a 4500</leader>
<datafield tag="042" ind1=" " ind2=" ">
<subfield code="a">dc</subfield>
</datafield>
<datafield tag="720" ind1=" " ind2=" ">
<subfield code="a">Hernández de la Red, Miguel</subfield>
<subfield code="e">author</subfield>
</datafield>
<datafield tag="260" ind1=" " ind2=" ">
<subfield code="c">2023</subfield>
</datafield>
<datafield tag="520" ind1=" " ind2=" ">
<subfield code="a">El objetivo principal en el que se fundamenta el siguiente trabajo es conocer a&#xd;
fondo la actualidad económica y financiera del Real Valladolid Club de Fútbol,&#xd;
Sociedad Anónima Deportiva.&#xd;
En primer lugar, se introduce el contexto de la empresa junto con una reseña&#xd;
histórica del club y su entorno. Analizaremos la evolución de sus cuentas&#xd;
anuales, obtenidas de la base de datos Sabi, del periodo comprendido entre junio&#xd;
de 2007 y junio de 2022, centrándonos más adelante en el periodo transcurrido&#xd;
desde junio de 2014, año en el que la entidad entra en un proceso concursal,&#xd;
que sería clave para la continuidad de la misma en el fútbol profesional de élite&#xd;
de nuestro país. El análisis se basará en la interpretación de los porcentajes&#xd;
verticales y horizontales del Balance de Situación y la Cuenta de Pérdidas y&#xd;
Ganancias, así como de las ratios más relevantes y las rentabilidades&#xd;
económicas y financieras.&#xd;
Tras conocer toda la información, concluiremos con algunas posibles soluciones&#xd;
que podría llevar a cabo el club para mejorar su situación financiera en los&#xd;
próximos años.</subfield>
</datafield>
<datafield tag="024" ind2=" " ind1="8">
<subfield code="a">https://uvadoc.uva.es/handle/10324/59607</subfield>
</datafield>
<datafield tag="245" ind1="0" ind2="0">
<subfield code="a">Análisis del tejido empresarial de Castilla y León.&#xd;
Real Valladolid club de fútbol, sociedad anónima deportiva</subfield>
</datafield>
</record></metadata></record></GetRecord></OAI-PMH>